Breakfast Around the World - Statistics

General Stats
  • This quiz has been taken 392 times
  • The average score is 9 of 17
Answer Stats
Breakfast Country % Correct
Cereal and toast with vegemite Australia
92%
Croissants and coffee France
88%
Dim Sum China
86%
Eggs, sausage, bacon, beans, and tomatoes England
81%
Miso soup and white rice Japan
81%
Cappuccino and hard roll or biscotti Italy
79%
Beans, eggs, and salsa on a tortilla Mexico
77%
Pho Vietnam
72%
Pancakes, bacon, and eggs or cereal United States
68%
Idli (a cake made with fermented black lentils and rice) with sambar and chutney India
61%
Sausage with eggs and bread Germany
44%
Cheese pancakes with oatmeal Russia
14%
Naan with butter and jam Iran
13%
Ham and cheese sandwich with coffee Brazil
12%
Changua (Milk, egg, and scallion soup) Colombia
8%
Coffee with buttered, grilled bread Cuba
4%
Crepes with cheese, jam, and butter Morocco
2%
No matching quizzes found
Score Distribution
Percent of People with Each Score
Percentile by Number Answered
Your Score History
You have not taken this quiz